The book of dogs ; an intimate study of mankind's best friend /

Bibliographic Details
Corporate Author: National Geographic Society (U.S.)
Other Authors: Fuertes, Louis Agassiz, 1874-1927
Format: Book
Language:English
Published: Washington, D.C. : The National geographic society, 1927.
Subjects:

MARC

Tag First Indicator Second Indicator Subfields
LEADER 00000cam a2200000 4500
001 in00000043745
005 20151007075004.0
008 751208s1927 dcua 00010 eng
010 |a  28008911  
035 |a (OCoLC)01880874 
035 |9 AAF2442AM 
040 |a DLC  |c MIA  |d TXA  |d UtOrBLW 
049 |a TXAM  |c 1 [67262]  |c 2 [67263] 
050 0 0 |a SF427  |b .N3 1927 
092 |a 636.7  |b N277b 
110 2 |a National Geographic Society (U.S.) 
245 1 4 |a The book of dogs ;  |b an intimate study of mankind's best friend /  |c with natural color portraits of 76 types of dogs from paintings of Louis Agassiz Fuertes and Hashime Murayama. 
264 1 |a Washington, D.C. :  |b The National geographic society,  |c 1927. 
300 |a 3 pages ., 109 pages :  |b illustrations (part color) ;  |c 26 cm. 
336 |a text  |b txt  |2 rdacontent 
337 |a unmediated  |b n  |2 rdamedia 
338 |a volume  |b nc  |2 rdacarrier 
650 0 |a Dogs. 
700 1 |a Fuertes, Louis Agassiz,  |d 1874-1927. 
999 |a MARS 
999 f f |s 6acf085f-e2dc-3bd2-86a9-912df5f0886d  |i b0b8630e-ffd6-3683-a1c2-4e3b693eab2d  |t 0 
952 f f |p ric  |a Texas A&M University  |b Rellis Campus  |c Joint Library Facility  |d Remote Storage  |t 0  |e SF427 .N3 1927  |h Library of Congress classification  |i unmediated -- volume  |m A14801093477 
998 f f |a SF427 .N3 1927  |t 0  |l Remote Storage